|
|
|
|
| LEADER |
01117nam a2200289 a 4500 |
| 001 |
38445 |
| 003 |
BD-DhAAL |
| 005 |
20220424123404.0 |
| 008 |
220424t1996 maua b 001 0 eng d |
| 999 |
|
|
|c 44129
|d 44129
|
| 010 |
|
|
|a 95031593
|
| 020 |
|
|
|a 1557866996 (pbk. : alk. paper)
|
| 020 |
|
|
|a 1557866988 (hbk)
|
| 040 |
|
|
|a DLC
|c DLC
|d DLC
|d BD-DhAAL
|
| 050 |
0 |
0 |
|a HB199
|b .K75 1996
|
| 082 |
0 |
0 |
|a 338.9
|2 20
|
| 100 |
1 |
|
|a Krugman, Paul R.
|9 48205
|
| 245 |
1 |
4 |
|a The self-organizing economy /
|c Paul Krugman.
|
| 260 |
|
|
|a Cambridge, Mass., USA :
|b Blackwell Publishers,
|c 1996.
|
| 300 |
|
|
|a vi, 122 pages :
|b illustrations ;
|c 23 cm.
|
| 504 |
|
|
|a Includes bibliographical references (pages 117-118) and index.
|
| 541 |
|
|
|a Donated By Akbar Ali Khan
|e Akbar Ali Khan Collection
|
| 650 |
|
0 |
|a Economics.
|9 48206
|
| 650 |
|
0 |
|a Self-organizing systems.
|9 48207
|
| 852 |
|
|
|a Donated By Akbar Ali Khan
|c Akbar Ali Khan Collection
|
| 942 |
|
|
|2 ddc
|c BK
|
| 952 |
|
|
|0 0
|1 0
|2 ddc
|4 0
|6 338_900000000000000_KRU
|7 1
|9 70547
|a BRACUL
|b BRACUL
|c AAKC
|d 2022-04-24
|e Donated by Akbar Ali Khan
|l 0
|o 338.9 KRU
|p 3010038445
|r 2022-04-24
|t 1
|w 2022-04-24
|y BK
|